| 000 | 01011cam a2200265 a 4500 | ||
|---|---|---|---|
| 001 | 2583115 | ||
| 005 | 20180125084546.0 | ||
| 008 | 961223s1996 wiua b s100 0 eng d | ||
| 010 | _a 96080281 | ||
| 020 | _a0891181326 | ||
| 035 | _a(OCoLC)36824239 | ||
| 040 |
_aMnSU _cMnSU _dDLC |
||
| 041 | _aeng | ||
| 042 | _alccopycat | ||
| 080 | _a631 ROB | ||
| 082 | 0 | 0 |
_a631 ROB _221 |
| 100 | _a9 | ||
| 101 | _aMJE | ||
| 245 | 1 | 0 |
_aProceedings of the Third International Conference on Precision Agriculture : _ceditors P.C. Robert, R.H. Rust, and W.E. Larson ; conducted by the Precision Agriculture Center, Department of Soil, Water, and Climate, University of Minnesota. |
| 246 | 1 | 8 | _aPrecision agriculture |
| 504 | _aIncludes bibliographical references. | ||
| 906 |
_a7 _bcbc _ccopycat _d2 _eopcn _f19 _gy-gencatlg |
||
| 942 |
_2ddc _cBK |
||
| 999 |
_c40962 _d40962 |
||